Development of An Integrated Framework For Optimization of Sheet Metal Work Through Bi-Directional Information Flow Between Design and manufacturing Processes / (Record no. 527403)

000 -LEADER
fixed length control field 00745nam a22002057a 4500
003 - CONTROL NUMBER IDENTIFIER
control field NUST
005 - DATE AND TIME OF LATEST TRANSACTION
control field 20240718130215.0
008 - FIXED-LENGTH DATA ELEMENTS--GENERAL INFORMATION
fixed length control field 190726b ||||| |||| 00| 0 eng d
038 ## - RECORD CONTENT LICENSOR
Staff Name Mr. Noman
082 ## - DEWEY DECIMAL CLASSIFICATION NUMBER
Classification number 200
100 ## - MAIN ENTRY--PERSONAL NAME
Personal name Faraz, Zahid
9 (RLIN) 18637
245 ## - TITLE STATEMENT
Title Development of An Integrated Framework For Optimization of Sheet Metal Work Through Bi-Directional Information Flow Between Design and manufacturing Processes /
Statement of responsibility, etc. Zahid Faraz.
260 ## - PUBLICATION, DISTRIBUTION, ETC.
Place of publication, distribution, etc. Rawalpindi:
Name of publisher, distributor, etc. CEME - NUST,
Date of publication, distribution, etc. 2016.
300 ## - PHYSICAL DESCRIPTION
Extent 269 p.: ill.;
Dimensions 30cm.
500 ## - GENERAL NOTE
General note Hardcover.
650 ## - SUBJECT ADDED ENTRY--TOPICAL TERM
Topical term or geographic name entry element PhD- Mechanical Engineering
9 (RLIN) 84150
700 ## - ADDED ENTRY--PERSONAL NAME
Personal name Supervisor;Dr. Syed Waheed ul Haq.
9 (RLIN) 18639
856 ## - ELECTRONIC LOCATION AND ACCESS
Uniform Resource Identifier <a href="http://10.250.8.41:8080/xmlui/handle/123456789/27107">http://10.250.8.41:8080/xmlui/handle/123456789/27107</a>
942 ## - ADDED ENTRY ELEMENTS (KOHA)
Source of classification or shelving scheme
Koha item type Soft Copy
Holdings
Withdrawn status Lost status Source of classification or shelving scheme Damaged status Not for loan Permanent Location Current Location Shelving location Date acquired Full call number Barcode Date last seen Price effective from Koha item type
          Central Library (CL) Central Library (CL) Thesis 07/26/2019 200 CLPT-147 07/26/2019 07/26/2019 Soft Copy
© 2023 Central Library, National University of Sciences and Technology. All Rights Reserved.